|
|
|
|
| LEADER |
00000nam a2200000Ii 4500 |
| 001 |
DIGUNIMAG0179 |
| 003 |
NyNyDIG |
| 006 |
m o d |
| 007 |
cr ||||||||||| |
| 008 |
241015s2023 ck b ob 000 0 spa d |
| 035 |
|
|
|a (OCoLC)1463588917
|
| 040 |
|
|
|a DGITA
|b eng
|e rda
|e pn
|c DGITA
|
| 020 |
|
|
|a 9789587466867
|q (pdf)
|
| 020 |
|
|
|a 9789587466874
|q (ePub)
|
| 020 |
|
|
|z 9789587466850
|q (impreso)
|
| 043 |
|
|
|a s-ck---
|
| 050 |
1 |
4 |
|a F2260 ebook
|
| 245 |
0 |
4 |
|a Los mil y un Caribe... :
|b 16 textos para su (des)entendimiento /
|c editores, Jorge Enrique Elias-Caro, Fabio Silva Vallejo.
|
| 250 |
|
|
|a Primera edición digital.
|
| 264 |
|
1 |
|a Santa Marta D.T.C.H. - Colombia :
|b Editorial Unimagdalena,
|c [2023]
|
| 300 |
|
|
|a 1 online resource :
|b maps.
|
| 336 |
|
|
|a text
|b txt
|2 rdacontent
|
| 337 |
|
|
|a computer
|b c
|2 rdamedia
|
| 338 |
|
|
|a online resource
|b cr
|2 rdacarrier
|
| 347 |
|
|
|a text file
|2 rdaft
|
| 347 |
|
|
|b EPUB
|
| 490 |
1 |
|
|a Colección Ciencias sociales, serie Antropología y sociología
|
| 504 |
|
|
|a Includes bibliographical references.
|
| 588 |
0 |
|
|a Online resource; title from ePub title page (Digitalia, viewed October 15, 2024)
|
| 651 |
|
0 |
|a Colombia
|z Caribbean Area
|x Social life and customs.
|
| 651 |
|
0 |
|a Colombia
|z Caribbean Area
|x Social history.
|
| 700 |
1 |
|
|a Elías Caro, Jorge Enrique,
|e editor.
|
| 700 |
1 |
|
|a Silva Vallejo, Fabio,
|d 1962-
|e editor.
|
| 776 |
0 |
8 |
|i Print version:
|t Mil y un Caribe....
|b Segunda edición impresa.
|d Santa Marta D.T.C.H. - Colombia : Editorial Unimagdalena, [2023]
|z 9789587466850
|
| 791 |
2 |
|
|a Digitalia (Firm),
|e distributor.
|
| 793 |
0 |
|
|g Digitalia eBook Collection:
|a Ediciones Unimagdalena
|
| 830 |
|
0 |
|a Colección Ciencias sociales (Editorial Unimagdalena).
|p Serie Antropología y sociología.
|
| 856 |
4 |
0 |
|3 Digitalia Hispánica
|u https://www.digitaliapublishing.com/a/159156/
|
| 910 |
|
|
|a Premium collection: 2024
|